| 000 | 00425nam a2200169Ia 4500 | ||
|---|---|---|---|
| 008 | 230711s9999||||xx |||||||||||||| ||und|| | ||
| 020 | _a978-81-203-5035-9 | ||
| 041 | _aENG | ||
| 082 |
_a620.03 _bVE-M |
||
| 100 | _aVenkatachalam,R | ||
| 245 | 0 | _aMechanical Vibrations | |
| 250 | _a1st Ed. | ||
| 260 |
_c2014 _aNew Delhi _bPHI Learning Private Limited |
||
| 300 | _a418p. | ||
| 650 | _aMechanical Engineering | ||
| 942 | _cBK | ||
| 999 |
_c6671 _d6671 |
||